A treasury of early Christianity /

Saved in:

Main Author: Fremantle, Anne, 1909-2002 (Author)

Format: Book

Language: English

Published: New York : New American Library, 1960, ©1953.

Series: A Mentor book ; MT 285.

Subjects:

Tags: Add Tag

No Tags, Be the first to tag this record!

Call Number: BR63 .F73 1960

LEADER 00692nam a2200229I 4500
001 3968
003 OSt
005 20251007095328.0
008 130303t19601953nyu 000 0 eng d
035 |a ocm02471354 
040 |c ARCE Library 
050 4 |a BR63 .F73 1960 
100 1 |a Fremantle, Anne,  |d 1909-2002,  |e author  |9 30288 
245 1 2 |a A treasury of early Christianity /  |c edited with an introduction by Anne Fremantle. 
264 1 |a New York :  |b New American Library,  |c 1960, ©1953. 
300 |a 511 pages ;  |c 18 cm. 
490 1 |a A Mentor book ;  |v MT 285. 
650 0 |a Christian literature, Early. 
830 2 |a A Mentor book ;  |v MT 285. 
901 |a reviewed 
942 |c BK  |2 lcc 
999 |c 5516  |d 5516